Wireless digital communications: modulation and spread spectrum applications (Record no. 8386)
[ view plain ]
| 000 -LEADER | |
|---|---|
| fixed length control field | 00745 a2200181 4500 |
| 020 ## - INTERNATIONAL STANDARD BOOK NUMBER | |
| International Standard Book Number | 0130986178 |
| 040 ## - CATALOGING SOURCE | |
| Original cataloging agency | DLC |
| Language of cataloging | DLC |
| 082 00 - DEWEY DECIMAL CLASSIFICATION NUMBER | |
| Classification number | 621.3845 |
| 100 1# - MAIN ENTRY--PERSONAL NAME | |
| Personal name | Feher, Kamilo. |
| 245 10 - TITLE STATEMENT | |
| Title | Wireless digital communications: modulation and spread spectrum applications |
| Remainder of title | modulation and spread spectrum applications |
| Statement of responsibility, etc. | Kamilo Feher. |
| 260 ## - PUBLICATION, DISTRIBUTION, ETC. | |
| Place of publication, distribution, etc. | Upper Saddle River, N.J. : |
| Name of publisher, distributor, etc. | Prentice-Hall PTR, |
| Date of publication, distribution, etc. | c1995. |
| 300 ## - PHYSICAL DESCRIPTION | |
| Extent | xx, 524 p. : |
| Other physical details | ill. ; |
| Dimensions | 25 cm. + |
| Accompanying material | 1 computer disk (3 1/2 in.). |
| 440 #0 - SERIES STATEMENT/ADDED ENTRY--TITLE | |
| Title | Feher/Prentice Hall digital and wireless communication series |
| 538 ## - SYSTEM DETAILS NOTE | |
| System details note | System requirements for accompanying computer disk: DOS. |
| 650 #0 - SUBJECT ADDED ENTRY--TOPICAL TERM | |
| Topical term or geographic name entry element | Wireless communication systems. |
| 650 #0 - SUBJECT ADDED ENTRY--TOPICAL TERM | |
| Topical term or geographic name entry element | Mobile communication systems. |
| 942 ## - ADDED ENTRY ELEMENTS (KOHA) | |
| Koha item type | Book |
| Call number prefix | 621.3845 FEH |
| Source of classification or shelving scheme | |
| Withdrawn status | Lost status | Damaged status | Not for loan | Collection code | Permanent Location | Current Location | Shelving location | Date acquired | Source of acquisition | Cost, normal purchase price | Total Checkouts | Full call number | Barcode | Date last seen | Date last checked out | Price effective from | Koha item type |
|---|---|---|---|---|---|---|---|---|---|---|---|---|---|---|---|---|---|
| Central Library (CL) | Central Library (CL) | General Stacks | 05/19/2009 | Star Books | 5412.15 | 1 | 621.3845 FEH | SEECS009493 | 02/18/2014 | 01/20/2014 | 01/05/2017 | Book | |||||
| Central Library (CL) | Central Library (CL) | General Stacks | 01/04/2002 | New Public Book | 1959.88 | 621.3845 FEH | SEECS001638 | 11/14/2012 | 01/05/2017 | Book |
